| 000 | 00394nam a2200181Ia 4500 | ||
|---|---|---|---|
| 003 | 0100 | ||
| 008 | 130303s9999 xx 000 0 und d | ||
| 040 | _cARRUPELIB | ||
| 050 | _aPN1892.M26 1957 | ||
| 100 | _aMcCollom, William G | ||
| 245 | _aTragedy | ||
| 260 | _aNew York | ||
| 260 | _bMacmillan | ||
| 260 | _C1957 | ||
| 300 | _a254p | ||
| 650 | _bPhilosophy, Renaissance | ||
| 942 | 0 | 0 | _01 |
| 999 |
_c50642 _d50642 |
||